<?xml version="1.0" encoding="UTF-8"?>
<resp>
  <nextPage>https://data.bn.org.pl/api/networks/bibs.marcxml?marc=001+b0000004972371&amp;sinceId=4972372</nextPage>
  <collection>
    <record xmlns='http://www.loc.gov/MARC21/slim'><leader>02048naa a2200613 i 4500</leader><controlfield tag='001'>b0000004972371</controlfield><controlfield tag='005'>20241203215025.2</controlfield><controlfield tag='008'>151022s2015    pl           |000 0 pol c</controlfield><controlfield tag='009'>9910400591205606</controlfield><datafield ind1=' ' ind2=' ' tag='035'><subfield code='a'>(PL-WaBN)b49723716-48omnis_nlop</subfield></datafield><datafield ind1=' ' ind2=' ' tag='035'><subfield code='a'>b49723716</subfield></datafield><datafield ind1=' ' ind2=' ' tag='035'><subfield code='a'>(OCoLC)998682349</subfield></datafield><datafield ind1=' ' ind2=' ' tag='035'><subfield code='a'>xx005169886</subfield></datafield><datafield ind1=' ' ind2=' ' tag='035'><subfield code='a'>(PL)b0000004972371</subfield></datafield><datafield ind1=' ' ind2=' ' tag='040'><subfield code='a'>WA N</subfield><subfield code='c'>WA N</subfield><subfield code='d'>WA N</subfield></datafield><datafield ind1=' ' ind2=' ' tag='080'><subfield code='a'>75(045/046)</subfield></datafield><datafield ind1=' ' ind2=' ' tag='080'><subfield code='a'>821.162.1(091)(045/046)</subfield></datafield><datafield ind1='1' ind2=' ' tag='100'><subfield code='a'>Rosiński, Piotr</subfield></datafield><datafield ind1='1' ind2='0' tag='245'><subfield code='a'>Stefan Żeromski i sztuka Artura Grottgera /</subfield><subfield code='c'>Piotr Rosiński.</subfield></datafield><datafield ind1=' ' ind2=' ' tag='260'><subfield code='c'>2015.</subfield></datafield><datafield ind1=' ' ind2=' ' tag='336'><subfield code='a'>Tekst</subfield><subfield code='b'>txt</subfield><subfield code='2'>rdacontent</subfield></datafield><datafield ind1=' ' ind2=' ' tag='337'><subfield code='a'>Bez urządzenia pośredniczącego</subfield><subfield code='b'>n</subfield><subfield code='2'>rdamedia</subfield></datafield><datafield ind1=' ' ind2=' ' tag='338'><subfield code='a'>Wolumin</subfield><subfield code='b'>nc</subfield><subfield code='2'>rdacarrier</subfield></datafield><datafield ind1=' ' ind2=' ' tag='380'><subfield code='a'>Artykuły</subfield></datafield><datafield ind1=' ' ind2=' ' tag='500'><subfield code='a'>Tytuł nagłówkowy.</subfield></datafield><datafield ind1=' ' ind2=' ' tag='500'><subfield code='a'>Zawiera materiały z Międzynarodowej Konferencji Naukowej &quot;Stefan Żeromski i tradycje inteligencji polskiej : idee - estetyka - język&quot;, 30 maja - 2 czerwca 2011 roku.</subfield></datafield><datafield ind1='1' ind2='7' tag='600'><subfield code='a'>Grottger, Artur</subfield><subfield code='d'>(1837-1867)</subfield><subfield code='2'>DBN</subfield></datafield><datafield ind1='1' ind2='7' tag='600'><subfield code='a'>Żeromski, Stefan</subfield><subfield code='d'>(1864-1925)</subfield><subfield code='2'>DBN</subfield></datafield><datafield ind1=' ' ind2='7' tag='648'><subfield code='a'>1801-1900</subfield><subfield code='2'>DBN</subfield></datafield><datafield ind1=' ' ind2='7' tag='648'><subfield code='a'>1901-1914</subfield><subfield code='2'>DBN</subfield></datafield><datafield ind1=' ' ind2='7' tag='648'><subfield code='a'>1901-2000</subfield><subfield code='2'>DBN</subfield></datafield><datafield ind1=' ' ind2='7' tag='648'><subfield code='a'>1914-1918</subfield><subfield code='2'>DBN</subfield></datafield><datafield ind1=' ' ind2='7' tag='648'><subfield code='a'>1918-1939</subfield><subfield code='2'>DBN</subfield></datafield><datafield ind1=' ' ind2='7' tag='650'><subfield code='a'>Literatura polska</subfield><subfield code='2'>DBN</subfield></datafield><datafield ind1=' ' ind2='7' tag='650'><subfield code='a'>Malarstwo polskie</subfield><subfield code='2'>DBN</subfield></datafield><datafield ind1=' ' ind2=' ' tag='658'><subfield code='a'>Kultura i sztuka</subfield></datafield><datafield ind1=' ' ind2=' ' tag='658'><subfield code='a'>Literaturoznawstwo</subfield></datafield><datafield ind1='0' ind2=' ' tag='773'><subfield code='i'>W:</subfield><subfield code='t'>Żeromski : piękno i wolność : studia.</subfield><subfield code='g'>s. 19-31</subfield></datafield><datafield ind1=' ' ind2=' ' tag='852'><subfield code='b'>48FAR_UGD</subfield><subfield code='8'>991002558109708343</subfield></datafield><datafield ind1=' ' ind2=' ' tag='852'><subfield code='b'>48OMNIS_UMCS</subfield><subfield code='8'>991004905309707661</subfield></datafield><datafield ind1=' ' ind2=' ' tag='852'><subfield code='b'>48OMNIS_UOW</subfield><subfield code='8'>991013630369708831</subfield></datafield><datafield ind1=' ' ind2=' ' tag='852'><subfield code='b'>48OMNIS_UKSW</subfield><subfield code='8'>991001666309707669</subfield></datafield><datafield ind1=' ' ind2=' ' tag='852'><subfield code='b'>48OMNIS_NETWORK</subfield><subfield code='8'>9910400591205606</subfield></datafield><datafield ind1=' ' ind2=' ' tag='852'><subfield code='b'>48UWM_INST</subfield><subfield code='8'>990014784800107411</subfield></datafield><datafield ind1=' ' ind2=' ' tag='852'><subfield code='b'>48OMNIS_NLOP</subfield><subfield code='8'>991040554829705066</subfield></datafield></record>
  </collection>
</resp>
